00453nam a2200145Ia 4500008004100000020001800041082001500059100001600074245003600090260001200126500001600138942000700154952013100161999001500292260604s9999 xx 000 0 und d a9780143418658 a823.92 MUR aSudha murty 0aThe Day I Stopped Drinking Milk bPenguin aSudha murty cBK 00104070aIIMVbIIMVcGENERALd2026-06-04g1299.00l0o823.92 MURp004350r2026-06-04 10:21:25v1299.00w2026-06-04yBKBMUR c8732d8732